Bands by country - Statistics

General Stats
  • This quiz has been taken 49 times
  • The average score is 12 of 15
Answer Stats
Band
Country % Correct
Judas Priest United Kingdom
98%
Soundgarden USA
93%
AC/DC Australia
91%
Rush Canada
91%
Thin Lizzy Ireland
84%
A-ha Norway
84%
Ghost Sweden
84%
Helloween Germany
80%
Children of Bloom Finland
71%
Mägo de Oz Spain
69%
Sepultura Brazil
67%
Volbeat Denmark
64%
Gojira France
62%
Sigur Rós Iceland
58%
Behemoth Poland
56%
No matching quizzes found
Score Distribution
Percent of People with Each Score
Percentile by Number Answered
Your Score History
You have not taken this quiz